[Event "XVII Weekend Citta' di Firenze A"]
[Site "Firenze ITA"]
[Date "2009.12.06"]
[Round "2"]
[White "Bardi, Giuliano"]
[Black "Bini, Alessandro"]
[Result "0-1"]
[WhiteElo "1901"]
[BlackElo "1915"]
[PlyCount "102"]
[EventDate "2009.12.06"]

1. e4 g6 2. d4 Bg7 3. Nf3 d6 4. Bd3 Nf6 5. c3 O-O 6. O-O c5 7. h3 Qc7 8. Re1 e5
9. d5 Nbd7 10. a4 b6 11. Na3 a6 12. Bd2 Bb7 13. b4 h6 14. Qe2 Kh7 15. Nc2 Rfc8
16. Ne3 b5 17. a5 Qd8 18. Nf1 cxb4 19. cxb4 Nh5 20. g3 Ndf6 21. Rac1 Ng8 22.
Be3 Qd7 23. Kh2 Nhf6 24. Bb6 Kh8 25. Rc2 Rxc2 26. Qxc2 Rc8 27. Qd2 g5 28. g4
Ne7 29. Ng3 Ng6 30. Be3 Nf4 31. Rc1 Rxc1 32. Bxb5 Rh1+ 33. Kxh1 Qxb5 34. Qc3
Ne8 35. Ne1 Ne2 36. Qd2 Nxg3+ 37. fxg3 Qf1+ 38. Kh2 Nc7 39. h4 f6 40. Nc2 Nb5
41. Bf2 Qc4 42. hxg5 hxg5 43. Be3 Qxe4 44. Ne1 Bxd5 45. Qg2 Qxg2+ 46. Nxg2 Bxg2
47. Kxg2 Kg8 48. Kf3 Kf7 49. Ke4 Ke6 50. Kd3 Bf8 51. Kc2 d5 0-1

[Event "XVII Weekend Citta' di Firenze A"]
[Site "Firenze ITA"]
[Date "2009.12.06"]
[Round "2"]
[White "Bartolini, Tommaso"]
[Black "Madiai, Federico"]
[Result "1/2-1/2"]
[WhiteElo "2185"]
[BlackElo "2112"]
[PlyCount "73"]
[EventDate "2009.12.06"]

1. d4 Nf6 2. Bg5 c5 3. d5 Ne4 4. Bf4 b5 5. f3 Qa5+ 6. c3 Nf6 7. e4 d6 8. Nd2 g6
9. a4 bxa4 10. Rxa4 Qc7 11. Nc4 Nh5 12. Be3 Bg7 13. Ne2 O-O 14. Ng3 Nf6 15. Be2
Nfd7 16. Qd2 Ba6 17. Ra2 Bxc4 18. Bxc4 Nb6 19. Be2 N8d7 20. Bh6 c4 21. h4 f6
22. h5 Rf7 23. hxg6 hxg6 24. f4 Bxh6 25. Rxh6 Kg7 26. Rh3 Rff8 27. Qe3 Rh8 28.
Nf5+ gxf5 29. Qg3+ Kf7 30. Bh5+ Rxh5 31. Rxh5 Rg8 32. Rh7+ Kf8 33. Qh3 Ke8 34.
Qh5+ Kd8 35. Rh8 Rf8 36. Qh6 Re8 37. Rxe8+ 1/2-1/2

[Event "XVII Weekend Citta' di Firenze A"]
[Site "Firenze ITA"]
[Date "2009.12.06"]
[Round "2"]
[White "Bernardini, Luca"]
[Black "Corti, Massimo"]
[Result "1-0"]
[WhiteElo "1913"]
[BlackElo "2031"]
[PlyCount "51"]
[EventDate "2009.12.06"]

1. e4 e6 2. d4 d5 3. e5 c5 4. c3 Nc6 5. Nf3 Qb6 6. Bd3 Bd7 7. O-O Rc8 8. dxc5
Bxc5 9. b4 Be7 10. a4 f6 11. Re1 fxe5 12. b5 Nd8 13. Nxe5 Nf6 14. Bg5 Nf7 15.
Nxd7 Kxd7 16. Be3 Bc5 17. Bxc5 Rxc5 18. c4 Qd6 19. Qe2 d4 20. Nd2 Ne5 21. Nb3
Nxd3 22. Qxd3 Rcc8 23. c5 Qd5 24. Qxd4 Rhe8 25. Rad1 Ke7 26. Qxd5 1-0

[Event "XVII Weekend Citta' di Firenze A"]
[Site "Firenze ITA"]
[Date "2009.12.06"]
[Round "2"]
[White "Bini, Lorenzo"]
[Black "Burgassi, Daniele"]
[Result "1/2-1/2"]
[WhiteElo "1922"]
[BlackElo "1897"]
[PlyCount "46"]
[EventDate "2009.12.06"]

1. g3 d5 2. Bg2 c5 3. d3 e6 4. c3 Nf6 5. Nd2 Be7 6. Ngf3 Nc6 7. O-O O-O 8. h3
b6 9. Ne1 Bb7 10. f4 Qc7 11. Nef3 Rfd8 12. a3 Rac8 13. Qe1 Bd6 14. e4 dxe4 15.
dxe4 Bf8 16. e5 Nd5 17. c4 Nde7 18. g4 Nd4 19. Nxd4 Rxd4 20. b3 Bxg2 21. Kxg2
Rcd8 22. Nf3 Qb7 23. Be3 R4d7 1/2-1/2

[Event "XVII Weekend Citta' di Firenze A"]
[Site "Firenze ITA"]
[Date "2009.12.06"]
[Round "2"]
[White "Cocuzzi, Edoardo"]
[Black "Gori, Marco"]
[Result "1-0"]
[WhiteElo "1972"]
[BlackElo "1881"]
[PlyCount "77"]
[EventDate "2009.12.06"]

1. e4 c6 2. d4 d5 3. exd5 cxd5 4. Bd3 Nc6 5. c3 Nf6 6. h3 Bd7 7. Bf4 Qa5 8. Nd2
e6 9. Ngf3 a6 10. O-O Be7 11. a4 O-O 12. b4 Qd8 13. b5 axb5 14. axb5 Na5 15.
Ne5 Be8 16. Qa4 Nd7 17. Nxd7 Bxd7 18. Rfb1 g5 19. Bh2 Bf6 20. Qb4 Be7 21. Bd6
Re8 22. Bxe7 Rxe7 23. Nb3 b6 24. Ra3 Be8 25. Rba1 Rea7 26. Nxa5 bxa5 27. Qc5
Rc7 28. Qb6 Qc8 29. Rxa5 Rxa5 30. Qxa5 Rxc3 31. Bf1 e5 32. Qa8 exd4 33. b6 Qxa8
34. Rxa8 Rb3 35. Rxe8+ Kg7 36. Rb8 d3 37. b7 Kf6 38. Bxd3 h5 39. Ba6 1-0

[Event "XVII Weekend Citta' di Firenze A"]
[Site "Firenze ITA"]
[Date "2009.12.06"]
[Round "2"]
[White "Corso, Roberto"]
[Black "Efimov, Igor"]
[Result "1/2-1/2"]
[WhiteElo "2083"]
[BlackElo "2435"]
[PlyCount "73"]
[EventDate "2009.12.06"]

1. d4 Nf6 2. c4 e6 3. Nc3 c5 4. d5 exd5 5. cxd5 d6 6. e4 g6 7. Bb5+ Nbd7 8.
Nge2 a6 9. Bd3 b5 10. Ng3 Bg7 11. O-O O-O 12. a3 c4 13. Bc2 Nc5 14. h3 Nfd7 15.
Be3 Qh4 16. Qd2 h6 17. Nge2 Ne5 18. Bxc5 dxc5 19. f4 Nd7 20. Kh2 Bb7 21. e5
Rad8 22. Be4 Nxe5 23. g3 Ng4+ 24. Kg2 Qe7 25. hxg4 b4 26. Bf3 bxc3 27. Nxc3 Rd6
28. Rfe1 Qd7 29. Re5 Rd8 30. Rd1 f6 31. Re2 f5 32. gxf5 Qxf5 33. Qe3 Bxc3 34.
Qxc3 Bxd5 35. Bxd5+ Rxd5 36. Qxc4 Qf7 37. Rde1 1/2-1/2

[Event "XVII Weekend Citta' di Firenze A"]
[Site "Firenze ITA"]
[Date "2009.12.06"]
[Round "2"]
[White "De Nadai, Daniele"]
[Black "Tocchioni, Maurizio"]
[Result "0-1"]
[WhiteElo "1883"]
[BlackElo "1939"]
[PlyCount "62"]
[EventDate "2009.12.06"]

1. d4 Nf6 2. Nf3 g6 3. c4 c5 4. d5 b5 5. b3 Bg7 6. Bb2 O-O 7. Nbd2 d6 8. e4 Qa5
9. Qc2 Nxe4 10. Bxg7 Nxd2 11. Qxd2 Qxd2+ 12. Nxd2 Kxg7 13. cxb5 Bb7 14. Bc4 a6
15. bxa6 Nxa6 16. Bxa6 Rxa6 17. O-O Bxd5 18. Rfb1 Rfa8 19. Rb2 Kf6 20. f3 Ra3
21. Kf2 Ke6 22. Ke2 Kd7 23. Kd3 Kc6 24. Kc2 Be6 25. g4 h5 26. Nb1 R3a7 27. h3
hxg4 28. hxg4 Rh8 29. Nd2 Rh2 30. Kc3 Rh3 31. Re1 Bxg4 0-1

[Event "XVII Weekend Citta' di Firenze A"]
[Site "Firenze ITA"]
[Date "2009.12.06"]
[Round "2"]
[White "Frugoli, Francesco"]
[Black "Caprino, Marco"]
[Result "0-1"]
[WhiteElo "2173"]
[BlackElo "1888"]
[PlyCount "96"]
[EventDate "2009.12.06"]

1. d4 Nf6 2. Nf3 g6 3. Bg5 Bg7 4. Nbd2 c5 5. e3 O-O 6. Be2 b6 7. O-O Bb7 8. c3
d6 9. a4 Nbd7 10. a5 Qc7 11. a6 Bc6 12. b4 Rac8 13. Qb3 Bxf3 14. Bxf3 c4 15.
Qa4 d5 16. Bf4 e5 17. Bg3 Rfe8 18. Rfd1 Qc6 19. Qc2 e4 20. Be2 b5 21. Ra5 Nb6
22. Nb1 Nh5 23. Bxh5 gxh5 24. Na3 Qf6 25. h4 Bh6 26. Nxb5 Re7 27. Qe2 Qg6 28.
Nd6 Rc6 29. Nb7 f5 30. Rc5 Rf6 31. Be5 Rff7 32. Nd8 Rf8 33. Rc6 Qg4 34. Qxg4+
hxg4 35. Rxh6 Rxd8 36. Rxb6 axb6 37. Bf6 Kf7 38. Bxe7 Kxe7 39. b5 Kf6 40. Kh2
f4 41. exf4 Kf5 42. Kg3 Rd7 43. Re1 h5 44. f3 gxf3 45. gxf3 Rg7+ 46. Kf2 Kxf4
47. fxe4 dxe4 48. Rg1 e3+ 0-1

[Event "XVII Weekend Citta' di Firenze A"]
[Site "Firenze ITA"]
[Date "2009.12.06"]
[Round "2"]
[White "Fusari, Paolo"]
[Black "Carboni, Giancarlo"]
[Result "1-0"]
[WhiteElo "1905"]
[BlackElo "1904"]
[PlyCount "129"]
[EventDate "2009.12.06"]

1. e4 c5 2. b4 cxb4 3. a3 g6 4. axb4 Bg7 5. c3 Nf6 6. e5 Nd5 7. d4 O-O 8. Bc4
e6 9. Bxd5 exd5 10. Qb3 d6 11. Nf3 dxe5 12. Nxe5 Be6 13. O-O Nd7 14. f4 a6 15.
Nd2 Nxe5 16. fxe5 Rc8 17. Nf3 Qc7 18. Bb2 f6 19. exf6 Rxf6 20. Ng5 Qd7 21. Rae1
Rcf8 22. Rf3 h6 23. Nxe6 Rxe6 24. Rfe3 Rxe3 25. Rxe3 Kh7 26. Qd1 h5 27. Qe1 Rf7
28. Bc1 Bh6 29. Re5 Bg7 30. Re6 Bh6 31. Bxh6 Kxh6 32. Re8 Qc7 33. Qe3+ Kh7 34.
Qe5 Qxe5 35. Rxe5 Rd7 36. Kf2 Kg7 37. Ke3 Kf6 38. h4 b5 39. Kf4 Rd6 40. g4 hxg4
41. Kxg4 Rd8 42. h5 gxh5+ 43. Rxh5 Rc8 44. Rh6+ Ke7 45. Rh3 Kd6 46. Kf4 Rf8+
47. Ke3 Rf6 48. Rh8 Kc6 49. Rd8 Re6+ 50. Kd3 Rd6 51. Re8 Rd7 52. Ke3 Kb7 53.
Re6 Rc7 54. Kd2 Rd7 55. Kd3 Rd8 56. Re7+ Kb6 57. Ke2 Rd6 58. Kf3 a5 59. bxa5+
Kxa5 60. Rc7 Kb6 61. Rc5 Rc6 62. Rxc6+ Kxc6 63. Kf4 Kd6 64. Kf5 Kd7 65. Ke5 1-0

[Event "XVII Weekend Citta' di Firenze A"]
[Site "Firenze ITA"]
[Date "2009.12.06"]
[Round "2"]
[White "Garofalo, Simone"]
[Black "Nicosia, Federico"]
[Result "1-0"]
[WhiteElo "1996"]
[BlackElo "1800"]
[PlyCount "35"]
[EventDate "2009.12.06"]

1. e4 c5 2. Nf3 d6 3. d4 cxd4 4. Nxd4 Nf6 5. Nc3 a6 6. Bg5 e6 7. f4 Qb6 8. Qd2
Nc6 9. O-O-O Bd7 10. Be2 h5 11. Bh4 Nxd4 12. Qxd4 Qxd4 13. Rxd4 Bc6 14. Bf3 Be7
15. Re1 Rd8 16. h3 b5 17. e5 Bxf3 18. exf6 1-0

[Event "XVII Weekend Citta' di Firenze A"]
[Site "Firenze ITA"]
[Date "2009.12.06"]
[Round "2"]
[White "Guglielmi, Dante"]
[Black "Galletti, Armando"]
[Result "1-0"]
[WhiteElo "1918"]
[BlackElo "1850"]
[PlyCount "97"]
[EventDate "2009.12.06"]

1. c4 e6 2. Nc3 Nf6 3. g3 d5 4. cxd5 exd5 5. d4 Nbd7 6. Bg2 c6 7. Nf3 Bd6 8.
O-O O-O 9. Qc2 Re8 10. Nh4 Nf8 11. Nf5 Bc7 12. b4 a6 13. Bb2 Ne4 14. Ne3 Nxc3
15. Bxc3 Nd7 16. a4 Nf6 17. Rfb1 Bd7 18. b5 Ne4 19. bxc6 Bxc6 20. Bb2 Qe7 21.
Ng4 f6 22. Ne3 Qd7 23. Nd1 Qe6 24. e3 Rac8 25. Nc3 Nxc3 26. Bxc3 g5 27. Bf1 Rf8
28. Bb4 Rf7 29. Rc1 Bd6 30. Bxd6 Qxd6 31. Qf5 Rfc7 32. Bd3 Qe7 33. Rc5 Bd7 34.
Rxc7 Rxc7 35. Qxd5+ Be6 36. Qf3 Rc3 37. Be4 Rb3 38. Bd5 Bxd5 39. Qxd5+ Qf7 40.
Qc5 Kg7 41. Rc1 Kg6 42. Qd6 Qe8 43. Qd5 Qf7 44. Qa5 Qe6 45. Rd1 Qe4 46. d5 Qf3
47. Qd2 Qe4 48. d6 Qe8 49. Qc2+ 1-0

[Event "XVII Weekend Citta' di Firenze A"]
[Site "Firenze ITA"]
[Date "2009.12.06"]
[Round "2"]
[White "Lorenzetti, Giacomo"]
[Black "Mauro, Alan"]
[Result "0-1"]
[WhiteElo "1825"]
[BlackElo "2174"]
[PlyCount "56"]
[EventDate "2009.12.06"]

1. e4 c5 2. Nc3 g6 3. g3 Bg7 4. Bg2 Nc6 5. d3 d6 6. Be3 Nf6 7. h3 O-O 8. Qd2
Rb8 9. Bh6 b5 10. Bxg7 Kxg7 11. f4 b4 12. Nce2 Qb6 13. Nf3 c4 14. g4 cxd3 15.
cxd3 Ba6 16. e5 Nd5 17. d4 dxe5 18. fxe5 Rbd8 19. O-O Bxe2 20. Qxe2 Nxd4 21.
Qf2 Nxf3+ 22. Bxf3 Nf4 23. Qxb6 axb6 24. Kh2 Rd2+ 25. Kg3 g5 26. Rab1 Rfd8 27.
Rfe1 R8d3 28. Rf1 Rg2# 0-1

[Event "XVII Weekend Citta' di Firenze A"]
[Site "Firenze ITA"]
[Date "2009.12.06"]
[Round "2"]
[White "Nones, Giorgio"]
[Black "Malescusi, Luciano"]
[Result "1-0"]
[WhiteElo "2053"]
[BlackElo "1920"]
[PlyCount "67"]
[EventDate "2009.12.06"]

1. e4 Nf6 2. Nc3 d5 3. e5 Ne4 4. d4 Nxc3 5. bxc3 b6 6. f4 Qd7 7. Be3 e6 8. Nf3
Ba6 9. Bxa6 Nxa6 10. O-O g6 11. a4 Be7 12. Qd3 Nb8 13. c4 dxc4 14. Qxc4 Nc6 15.
Rfd1 Na5 16. Qd3 Qd5 17. Nd2 Rd8 18. Qb5+ Qxb5 19. axb5 Bb4 20. Ne4 Be7 21. Bf2
O-O 22. c4 Nxc4 23. Rxa7 Rd7 24. Rc1 Nb2 25. Rcxc7 Rxc7 26. Rxc7 Ra8 27. h3 Bb4
28. Nf6+ Kg7 29. d5 Ra1+ 30. Kh2 Bd2 31. g3 Nd3 32. dxe6 g5 33. e7 Rf1 34. e8=Q
1-0

[Event "XVII Weekend Citta' di Firenze A"]
[Site "Firenze ITA"]
[Date "2009.12.06"]
[Round "2"]
[White "Onesti, Luca"]
[Black "Chiarion, Elisa"]
[Result "1-0"]
[WhiteElo "1983"]
[BlackElo "1908"]
[PlyCount "47"]
[EventDate "2009.12.06"]

1. e4 c5 2. Nf3 d6 3. d4 cxd4 4. Nxd4 Nf6 5. Nc3 g6 6. Be2 Bg7 7. Be3 O-O 8.
Qd2 Nc6 9. Nb3 Re8 10. Bh6 Bh8 11. h4 Ne5 12. h5 Bg4 13. hxg6 hxg6 14. f4 Nc6
15. Bc4 Rc8 16. f5 Nxe4 17. fxg6 e6 18. gxf7+ Kxf7 19. Nxe4 d5 20. Qf4+ Bf5 21.
Nd6+ Ke7 22. Bg5+ Bf6 23. Bxf6+ Kxf6 24. Qh4+ 1-0

[Event "XVII Weekend Citta' di Firenze A"]
[Site "Firenze ITA"]
[Date "2009.12.06"]
[Round "2"]
[White "Parrini, Daniele"]
[Black "Tocchioni, Doriano"]
[Result "1/2-1/2"]
[WhiteElo "2072"]
[BlackElo "2290"]
[PlyCount "51"]
[EventDate "2009.12.06"]

1. e4 Nc6 2. Nf3 Nf6 3. e5 Ng4 4. d4 d6 5. h3 Nh6 6. Bb5 a6 7. Bxc6+ bxc6 8.
O-O g6 9. Bg5 Nf5 10. Re1 h6 11. Bd2 Be6 12. Bc3 Rg8 13. g4 Ng7 14. Nbd2 h5 15.
Ng5 hxg4 16. hxg4 Qd7 17. f3 Bd5 18. Qe2 Ne6 19. Nxe6 Bxe6 20. Kg2 Bd5 21. Ne4
Bxe4 22. Qxe4 d5 23. e6 dxe4 24. exd7+ Kxd7 25. Rxe4 e6 26. Rh1 1/2-1/2

[Event "XVII Weekend Citta' di Firenze A"]
[Site "Firenze ITA"]
[Date "2009.12.06"]
[Round "2"]
[White "Scali, Fausto"]
[Black "Molina, Fabrizio"]
[Result "0-1"]
[WhiteElo "1938"]
[BlackElo "2220"]
[PlyCount "74"]
[EventDate "2009.12.06"]

1. e4 d6 2. d4 Nf6 3. Nc3 e5 4. Nf3 Nbd7 5. Bc4 Be7 6. Bg5 O-O 7. O-O c6 8. Qd2
b5 9. Bd3 a6 10. a4 Bb7 11. Bxf6 Bxf6 12. axb5 exd4 13. Ne2 axb5 14. Rxa8 Bxa8
15. Nexd4 g6 16. c3 Re8 17. b4 Nb6 18. Ra1 Bb7 19. h3 Kg7 20. Nh2 c5 21. Nxb5
cxb4 22. Ng4 Bxe4 23. Bxe4 Rxe4 24. Qxd6 Qxd6 25. Nxd6 Re6 26. Nxf6 Kxf6 27.
Nb5 Re5 28. Nd4 bxc3 29. Ra6 Re1+ 30. Kh2 Rb1 31. Ra2 Rb2 32. Ra3 Nd5 33. Ra5
Ke5 34. Nf3+ Kd6 35. Ra4 Nb4 36. Ne1 Rb1 37. Nf3 c2 0-1

[Event "XVII Weekend Citta' di Firenze A"]
[Site "Firenze ITA"]
[Date "2009.12.07"]
[Round "3"]
[White "Annoni, Riccardo"]
[Black "Guglielmi, Dante"]
[Result "0-1"]
[WhiteElo "2081"]
[BlackElo "1918"]
[PlyCount "61"]
[EventDate "2009.12.06"]

1. d4 d5 2. c4 e6 3. Nc3 Nf6 4. cxd5 exd5 5. Bg5 Be7 6. e3 c6 7. Bd3 O-O 8. Qc2
Nbd7 9. Nf3 Re8 10. O-O h6 11. Bxf6 Nxf6 12. Rab1 a5 13. a3 Bd6 14. b4 Qe7 15.
Qb3 axb4 16. axb4 Bg4 17. Nd2 Nh5 18. e4 Qg5 19. f3 Qxd2 20. fxg4 Nf4 21. Rxf4
Qxf4 22. e5 Qxd4+ 23. Kh1 Qxe5 24. g3 Qd4 25. Ne2 Qxg4 26. Ng1 Re5 27. h3 Qe6
28. Qc2 Re1 29. Bf5 Qe3 30. Rxe1 Qxe1 31. g4 0-1

[Event "XVII Weekend Citta' di Firenze A"]
[Site "Firenze ITA"]
[Date "2009.12.07"]
[Round "3"]
[White "Bini, Alessandro"]
[Black "Frugoli, Francesco"]
[Result "1-0"]
[WhiteElo "1915"]
[BlackElo "2173"]
[PlyCount "83"]
[EventDate "2009.12.06"]

1. c4 e5 2. Nc3 f5 3. d3 Nf6 4. g3 d6 5. Bg2 Nc6 6. e3 Be7 7. Rb1 a5 8. Nge2
O-O 9. a3 Qe8 10. O-O Qh5 11. Nd5 Bd8 12. Nec3 Qh6 13. b4 axb4 14. axb4 g5 15.
b5 Ne7 16. Nxe7+ Bxe7 17. Nd5 Bd8 18. f4 Nxd5 19. Bxd5+ Kh8 20. Bb2 Bf6 21. Qf3
Ra2 22. Qg2 gxf4 23. exf4 Qg7 24. c5 Ra7 25. b6 cxb6 26. cxd6 Rd8 27. Rbc1 exf4
28. Rc7 Bxb2 29. Rxg7 Bxg7 30. Qc2 Ra8 31. Qc7 Rd7 32. Qxb6 Be5 33. Re1 Bf6 34.
Qc5 Kg7 35. gxf4 Kh6 36. Re7 b6 37. Qe3 Ra1+ 38. Kf2 Bxe7 39. dxe7 Rxd5 40.
e8=Q Ra2+ 41. Kg3 Bd7 42. Qg8 1-0

[Event "XVII Weekend Citta' di Firenze A"]
[Site "Firenze ITA"]
[Date "2009.12.07"]
[Round "3"]
[White "Burgassi, Daniele"]
[Black "Scali, Fausto"]
[Result "1/2-1/2"]
[WhiteElo "1897"]
[BlackElo "1938"]
[PlyCount "72"]
[EventDate "2009.12.06"]

1. e4 c5 2. Nc3 e6 3. f4 d5 4. Nf3 d4 5. Ne2 Nf6 6. Ng3 Be7 7. Bb5+ Bd7 8.
Bxd7+ Nbxd7 9. d3 O-O 10. O-O b5 11. Qe2 Qb6 12. Kh1 Rac8 13. e5 Nd5 14. f5
exf5 15. Nxf5 Qe6 16. Nxe7+ Nxe7 17. Bf4 h6 18. Rae1 Ng6 19. Bg3 Rce8 20. Qe4
Re7 21. Qb7 Nb6 22. Qa6 Qd7 23. Qa3 Qd5 24. b3 Rfe8 25. Kg1 Nd7 26. Qb2 Ndxe5
27. Nxe5 Nxe5 28. Qc1 Ng4 29. Qd2 Ne3 30. Rf2 b4 31. Rfe2 Kh7 32. Bf4 Nf5 33.
Rxe7 Rxe7 34. Rxe7 Nxe7 35. Qe2 Qd7 36. Qe5 Nd5 1/2-1/2

[Event "XVII Weekend Citta' di Firenze A"]
[Site "Firenze ITA"]
[Date "2009.12.07"]
[Round "3"]
[White "Caprino, Marco"]
[Black "Aleksic, Nenad"]
[Result "0-1"]
[WhiteElo "1888"]
[BlackElo "2373"]
[PlyCount "122"]
[EventDate "2009.12.06"]

1. Nf3 Nf6 2. c4 e6 3. g3 b6 4. Bg2 Bb7 5. O-O Be7 6. b3 O-O 7. Bb2 d5 8. e3
Nbd7 9. Nc3 dxc4 10. bxc4 Nc5 11. d4 Nce4 12. Qb3 c5 13. Rfd1 Nxc3 14. Bxc3
cxd4 15. Bxd4 Qc7 16. Be5 Qc5 17. Bd4 Qh5 18. Bxf6 Bxf6 19. Nd4 Bxg2 20. Kxg2
Rfd8 21. Rac1 Qc5 22. Nb5 a6 23. Nc3 Qc6+ 24. Kg1 h5 25. h4 Rac8 26. Rxd8+ Rxd8
27. Rd1 Rc8 28. Na4 b5 29. cxb5 axb5 30. Nb2 Qc2 31. Nd3 Qxb3 32. axb3 Rc3 33.
Nc1 Be7 34. Kg2 g6 35. Kf3 Kg7 36. Ne2 Rxb3 37. Nd4 Rb2 38. Nc6 Bf6 39. Rd3 b4
40. e4 Bc3 41. Ke3 Be1 42. Kd4 Rxf2 43. Kc4 Rc2+ 44. Kb5 Rg2 45. Rf3 Rxg3 46.
Rf1 Bc3 47. Nd8 Bf6 48. Nxf7 Kxf7 49. e5 b3 50. Rxf6+ Ke7 51. Rf2 Re3 52. Kc4
Rxe5 53. Kxb3 Re3+ 54. Kc2 Rh3 55. Rg2 Kf6 56. Rf2+ Kg7 57. Re2 Rxh4 58. Rxe6
Rf4 59. Kd3 h4 60. Ke3 g5 61. Rb6 Rf6 0-1

[Event "XVII Weekend Citta' di Firenze A"]
[Site "Firenze ITA"]
[Date "2009.12.07"]
[Round "3"]
[White "Carboni, Giancarlo"]
[Black "Chiarion, Elisa"]
[Result "0-1"]
[WhiteElo "1904"]
[BlackElo "1908"]
[PlyCount "62"]
[EventDate "2009.12.06"]

1. c4 c6 2. g3 e6 3. Bg2 d5 4. cxd5 exd5 5. Nf3 Bd6 6. b3 Bf5 7. Bb2 Nf6 8. O-O
O-O 9. d3 h6 10. Nbd2 Nbd7 11. Re1 Re8 12. Qc2 Qe7 13. a3 Bh7 14. Bh3 Ne5 15.
Nd4 Bc5 16. Nf5 Bxf2+ 17. Kh1 Bxf5 18. Bxf5 Bxe1 19. Rxe1 Neg4 20. Bxf6 Nf2+
21. Kg2 Qxf6 22. e4 Qd4 23. e5 g6 24. Nf3 Qb6 25. d4 Ne4 26. Bxe4 dxe4 27. Rxe4
Rad8 28. b4 Rd5 29. Qf2 a5 30. Qd2 axb4 31. Qxh6 bxa3 0-1

[Event "XVII Weekend Citta' di Firenze A"]
[Site "Firenze ITA"]
[Date "2009.12.07"]
[Round "3"]
[White "Corti, Massimo"]
[Black "De Nadai, Daniele"]
[Result "0-1"]
[WhiteElo "2031"]
[BlackElo "1883"]
[PlyCount "108"]
[EventDate "2009.12.06"]

1. d4 Nf6 2. Bg5 e6 3. Nd2 Be7 4. Ngf3 d5 5. e3 c6 6. Bd3 Nbd7 7. O-O c5 8. c3
c4 9. Bc2 b5 10. Ne5 Nxe5 11. dxe5 Nd7 12. Bf4 Nf8 13. Nf3 Ng6 14. Bg3 h5 15.
h3 Nf8 16. Qe2 Bb7 17. Nd4 a6 18. Rad1 g6 19. e4 Qd7 20. f4 h4 21. Bf2 Qc7 22.
f5 Qxe5 23. fxg6 Nxg6 24. Nf3 Qc7 25. exd5 Nf4 26. Qe3 Bxd5 27. Be4 O-O-O 28.
Kh1 Rhg8 29. Ne1 Bg5 30. Qf3 f5 31. Bxd5 Nxd5 32. a4 Qf4 33. Qe2 Ne3 34. Rxd8+
Rxd8 35. Bxe3 Qxe3 36. Qh5 Bf4 37. Nf3 Qe2 38. Re1 Rd1 39. Qe8+ Kb7 40. Qe7+
Bc7 41. Qxh4 Rxe1+ 42. Qxe1 Qxe1+ 43. Nxe1 Bf4 44. axb5 axb5 45. Nf3 Bc1 46. h4
Bxb2 47. Nd4 Bxc3 48. Nxb5 Be5 49. Kg1 c3 50. Na3 Kc6 51. Kf2 Kc5 52. Ke3 Bf6
53. h5 Kb4 54. Nc2+ Kb3 0-1

[Event "XVII Weekend Citta' di Firenze A"]
[Site "Firenze ITA"]
[Date "2009.12.07"]
[Round "3"]
[White "Efimov, Igor"]
[Black "Cocuzzi, Edoardo"]
[Result "1-0"]
[WhiteElo "2435"]
[BlackElo "1972"]
[PlyCount "47"]
[EventDate "2009.12.06"]

1. d4 d5 2. c4 e6 3. Nc3 Nf6 4. cxd5 exd5 5. Bg5 Be7 6. e3 c6 7. Bd3 Ne4 8. Bf4
Nxc3 9. bxc3 Bd6 10. Ne2 Bg4 11. f3 Bh5 12. Qb3 b6 13. O-O Bg6 14. e4 Bxf4 15.
Nxf4 Qg5 16. g3 h5 17. exd5 Bxd3 18. Rae1+ Kd8 19. Nxd3 h4 20. Ne5 Rf8 21. dxc6
hxg3 22. Nxf7+ Rxf7 23. Qxf7 gxh2+ 24. Kh1 1-0

[Event "XVII Weekend Citta' di Firenze A"]
[Site "Firenze ITA"]
[Date "2009.12.07"]
[Round "3"]
[White "Fusari, Paolo"]
[Black "Onesti, Luca"]
[Result "0-1"]
[WhiteElo "1905"]
[BlackElo "1983"]
[PlyCount "56"]
[EventDate "2009.12.06"]

1. e4 e5 2. d4 exd4 3. Nf3 Nc6 4. Bc4 Bc5 5. c3 Nf6 6. e5 d5 7. Bb5 Ne4 8. b4
Bb6 9. cxd4 O-O 10. Bxc6 bxc6 11. O-O f6 12. Be3 Bg4 13. Qd3 a5 14. bxa5 Rxa5
15. Nfd2 Bf5 16. Qe2 fxe5 17. dxe5 d4 18. Bf4 d3 19. Qd1 Nxf2 20. Rxf2 Bxf2+
21. Kxf2 Qd4+ 22. Be3 Bg4+ 23. Nf3 Qxa1 24. Qb3+ Kh8 25. Nc3 Bxf3 26. gxf3 Qh1
27. Bf4 Rxe5 28. Ne4 Rxe4 0-1

[Event "XVII Weekend Citta' di Firenze A"]
[Site "Firenze ITA"]
[Date "2009.12.07"]
[Round "3"]
[White "Galletti, Armando"]
[Black "Bardi, Giuliano"]
[Result "1-0"]
[WhiteElo "1850"]
[BlackElo "1901"]
[PlyCount "63"]
[EventDate "2009.12.06"]

1. d4 g6 2. c4 Bg7 3. Nc3 d6 4. e4 a6 5. f3 c6 6. Be3 Nf6 7. Qd2 O-O 8. Bd3
Nbd7 9. a4 a5 10. Nge2 e5 11. d5 Ne8 12. h4 h5 13. Ng3 Ndf6 14. Qf2 c5 15. Qd2
Nc7 16. Bg5 Qe8 17. Nb5 Nxb5 18. axb5 b6 19. Nf1 Nh7 20. Bh6 f5 21. exf5 Bxf5
22. Bxg7 Kxg7 23. Ng3 Bxd3 24. Qxd3 Nf6 25. Kd2 Ra7 26. Rae1 Re7 27. Ne4 Nxe4+
28. Rxe4 Ref7 29. Rhe1 Rf4 30. Qe3 Rxe4 31. Qxe4 Rf4 32. Qxf4 1-0

[Event "XVII Weekend Citta' di Firenze A"]
[Site "Firenze ITA"]
[Date "2009.12.07"]
[Round "3"]
[White "Gori, Marco"]
[Black "Nones, Giorgio"]
[Result "1-0"]
[WhiteElo "1881"]
[BlackElo "2053"]
[PlyCount "73"]
[EventDate "2009.12.06"]

1. e4 c5 2. Nf3 e6 3. d4 cxd4 4. Nxd4 a6 5. Nc3 Qc7 6. Be3 Nf6 7. Bd3 h5 8. h3
Nc6 9. Nxc6 bxc6 10. f4 d6 11. O-O Bb7 12. f5 e5 13. Bc4 Be7 14. Qe1 c5 15. Bg5
Kf8 16. Bxf6 Bxf6 17. Bd5 Rh6 18. b3 Rd8 19. Bxb7 Qxb7 20. Nd5 h4 21. c4 Rd7
22. Qe3 Rh7 23. b4 cxb4 24. Rab1 a5 25. a3 Qa7 26. Qxa7 Rxa7 27. axb4 axb4 28.
Rxb4 Ra8 29. Rfb1 Rd8 30. Rb6 Rh6 31. Rb8 Ke8 32. R1b6 Bg5 33. Rxd8+ Kxd8 34.
Rb7 Ke8 35. Kf2 g6 36. f6 Bc1 37. Nb6 1-0

[Event "XVII Weekend Citta' di Firenze A"]
[Site "Firenze ITA"]
[Date "2009.12.07"]
[Round "3"]
[White "Madiai, Federico"]
[Black "Bernardini, Luca"]
[Result "1/2-1/2"]
[WhiteElo "2112"]
[BlackElo "1913"]
[PlyCount "43"]
[EventDate "2009.12.06"]

1. c4 e5 2. g3 Nc6 3. Bg2 g6 4. Nc3 Bg7 5. Rb1 d6 6. b4 Nge7 7. b5 Nb8 8. e3
O-O 9. Nge2 c6 10. O-O Be6 11. Qb3 Nd7 12. Ba3 Nb6 13. d3 f5 14. Rfc1 e4 15.
Na4 cxb5 16. Nxb6 axb6 17. Nd4 bxc4 18. dxc4 Bxd4 19. exd4 b5 20. Qb4 Bxc4 21.
Qxd6 Rf7 22. Bf1 1/2-1/2

[Event "XVII Weekend Citta' di Firenze A"]
[Site "Firenze ITA"]
[Date "2009.12.07"]
[Round "3"]
[White "Molina, Fabrizio"]
[Black "Parrini, Daniele"]
[Result "0-1"]
[WhiteElo "2220"]
[BlackElo "2072"]
[PlyCount "130"]
[EventDate "2009.12.06"]

1. Nf3 g6 2. c4 Bg7 3. Nc3 c5 4. d4 cxd4 5. Nxd4 Nc6 6. Nc2 Nf6 7. e4 d6 8. Be2
O-O 9. O-O Be6 10. f4 Rc8 11. Bd2 a6 12. Kh1 Na5 13. b3 Bd7 14. Rc1 b5 15. cxb5
axb5 16. Qe1 Nb7 17. Nb4 Nc5 18. Bf3 e5 19. Qg3 Kh8 20. fxe5 dxe5 21. Bg5 Qa5
22. Bxf6 Bxf6 23. Nbd5 Qd8 24. Be2 Bg7 25. b4 Ne6 26. Bxb5 Nf4 27. Bxd7 Qxd7
28. Rfd1 Rfd8 29. Nxf4 Rxc3 30. Nxg6+ hxg6 31. Qxc3 Qxd1+ 32. Qe1 Qxe1+ 33.
Rxe1 Rd4 34. a3 Bf8 35. Kg1 Rd3 36. Rf1 Kg7 37. Ra1 Rb3 38. Kf2 Kf6 39. Ke2 Bh6
40. Ra2 Bc1 41. Kd1 Rxa3 42. Rf2+ Bf4 43. Rb2 Rd3+ 44. Ke2 Re3+ 45. Kf2 Rxe4
46. b5 Rd4 47. Kf3 Rd7 48. g3 Bh6 49. b6 Rb7 50. Ke4 Ke6 51. h4 Bf8 52. Rb5 Bg7
53. g4 Kd6 54. h5 Kc6 55. Rb3 Rxb6 56. Rc3+ Kd7 57. g5 Rb4+ 58. Ke3 gxh5 59.
Ra3 Ke7 60. Ra7+ Kf8 61. Kf3 Rf4+ 62. Kg3 Rg4+ 63. Kf3 Rxg5 64. Ke4 h4 65. Kd5
Rg6 0-1